[Event "Mumbai Mayors Cup 9th"]
[Site "Mumbai"]
[Date "2016.06.07"]
[Round "8"]
[White "Swapnil, S Dhopade"]
[Black "Girish, A Koushnik"]
[Result "1/2-1/2"]
[WhiteElo "2504"]
[BlackElo "2406"]
[PlyCount "68"]
[EventDate "2016.06.02"]
[EventType "swiss"]
[EventRounds "10"]
[EventCountry "IND"]
[SourceTitle "CBM 173 Extra"]
[Source "ChessBase"]
[SourceDate "2016.08.29"]
[SourceVersion "1"]
[SourceVersionDate "2016.08.29"]
[SourceQuality "1"]

1. d4 Nf6 2. Bg5 Ne4 3. Bf4 c5 4. d5 Qb6 5. Nd2 Qxb2 6. Nxe4 Qb4+ 7. c3 Qxe4 8.
e3 e6 9. dxe6 Qxe6 10. Be2 Be7 11. Bf3 O-O 12. Ne2 d6 13. O-O Na6 14. Qd3 Nc7
15. c4 Rb8 16. Nc3 b6 17. Rfd1 Rd8 18. Nd5 Nxd5 19. Bxd5 Qf6 20. a4 Be6 21. Ra2
Bxd5 22. Qxd5 Qe6 23. Qd3 Rd7 24. Rad2 Rbd8 25. Qb3 Bf6 26. Rd5 Be5 27. Bg5 Bf6
28. Bf4 Be5 29. Bg5 Bf6 30. Bxf6 Qxf6 31. e4 Re7 32. Qd3 g6 33. f3 Re6 34. Qd2
Kg7 1/2-1/2

[Event "Mumbai Mayors Cup 9th"]
[Site "Mumbai"]
[Date "2016.06.08"]
[Round "9"]
[White "Girish, A Koushnik"]
[Black "Prajesh, R."]
[Result "1-0"]
[WhiteElo "2406"]
[BlackElo "1976"]
[PlyCount "47"]
[EventDate "2016.06.02"]
[EventType "swiss"]
[EventRounds "10"]
[EventCountry "IND"]
[SourceTitle "CBM 173 Extra"]
[Source "ChessBase"]
[SourceDate "2016.08.29"]
[SourceVersion "1"]
[SourceVersionDate "2016.08.29"]
[SourceQuality "1"]

1. d4 Nf6 2. Bg5 Ne4 3. Bf4 c5 4. f3 Nf6 5. d5 Qb6 6. Nc3 Qxb2 7. Bd2 Qb6 8. e4
d6 9. f4 Bg4 10. Be2 Bxe2 11. Qxe2 Nbd7 12. e5 Ng8 13. Nf3 Nh6 14. Rb1 Qa6 15.
Nb5 O-O-O 16. Rb3 Qxa2 17. O-O a6 18. Na7+ Kc7 19. Bc3 Ra8 20. Ra1 Qxa1+ 21.
Bxa1 Rxa7 22. c4 f6 23. e6 Nb8 24. Bc3 1-0

[Event "Mumbai Mayors Cup 9th"]
[Site "Mumbai"]
[Date "2016.06.09"]
[Round "10"]
[White "Grachev, Boris V"]
[Black "Girish, A Koushnik"]
[Result "1/2-1/2"]
[WhiteElo "2639"]
[BlackElo "2406"]
[PlyCount "161"]
[EventDate "2016.06.02"]
[EventType "swiss"]
[EventRounds "10"]
[EventCountry "IND"]
[SourceTitle "CBM 173 Extra"]
[Source "ChessBase"]
[SourceDate "2016.08.29"]
[SourceVersion "1"]
[SourceVersionDate "2016.08.29"]
[SourceQuality "1"]

1. d4 Nf6 2. Nf3 g6 3. Nbd2 d5 4. e3 Bg7 5. b4 O-O 6. c4 a5 7. b5 c5 8. Bb2
cxd4 9. Bxd4 Nbd7 10. Be2 Re8 11. cxd5 Nxd5 12. Bxg7 Kxg7 13. Rc1 N7b6 14. O-O
Nf6 15. Qc2 Bg4 16. Qb2 Qd6 17. Nc4 Nxc4 18. Rxc4 Be6 19. Rd4 Qb6 20. Ng5 Rad8
21. Rfd1 Rxd4 22. Rxd4 Rc8 23. g4 h6 24. Nxe6+ Qxe6 25. Bf3 Rc5 26. b6 Qe5 27.
a4 Rc4 28. h3 Rxd4 29. exd4 Qd6 30. Bxb7 Nd7 31. d5+ Qf6 32. Qb5 Nxb6 33. Bc6
Qa1+ 34. Kg2 Qd4 35. Qxa5 Qe4+ 36. Kg1 Qd4 37. Qe1 Nxa4 38. Qxe7 Nb6 39. Qd6
Nc4 40. Qb4 Qd1+ 41. Kg2 Qd4 42. Qb3 Nd6 43. Qg3 Qf6 44. Qe3 Nc4 45. Qd3 Qf4
46. Qc3+ Kg8 47. Bb5 Nd6 48. Bd3 Kh7 49. Bc2 Kg8 50. Bd3 Kh7 51. Bc2 Kg8 52.
Qe3 Qxe3 53. fxe3 Kg7 54. Kf3 Kf6 55. Kf4 g5+ 56. Kf3 Ke5 57. e4 Kd4 58. Ke2 f6
59. Bd3 Nf7 60. Kd2 Ne5 61. Bc2 Nc4+ 62. Ke2 Ne5 63. Ba4 Kxe4 64. d6 Nf7 65. d7
Nd8 66. Bc2+ Ke5 67. Ke3 Kd6 68. Ba4 Ke5 69. Bc2 Kd6 70. Bf5 Ke5 71. Kd3 Kd5
72. Kc3 Kc5 73. Kd3 Kd5 74. Ke3 Ke5 75. Kf3 Kd5 76. Bc2 Kd6 77. Ba4 Kd5 78. Ke2
Ke4 79. Kd2 Kd4 80. Bb3 Ke5 81. Ke3 1/2-1/2

[Event "Paris GCT rapid"]
[Site "Paris"]
[Date "2016.06.10"]
[Round "6"]
[White "Giri, Anish"]
[Black "Fressinet, Laurent"]
[Result "1-0"]
[WhiteElo "2782"]
[BlackElo "2687"]
[Annotator "Besenthal,K"]
[PlyCount "43"]
[EventDate "2016.06.09"]
[EventType "tourn (rapid)"]
[EventRounds "9"]
[EventCountry "FRA"]
[EventCategory "22"]
[SourceTitle "CBM 173"]
[Source "ChessBase"]
[SourceDate "2016.07.12"]
[SourceVersion "1"]
[SourceVersionDate "2016.07.12"]
[SourceQuality "1"]

1. e4 e5 2. Nf3 Nc6 3. d4 exd4 4. Nxd4 Bc5 5. Nb3 Bb6 6. Nc3 Nf6 7. Bg5 h6 8.
Bh4 d6 9. f3 {Diagramm [#]} ({Das auf den ersten Blick natürlich erscheinende
} 9. Qd2 $2 {funktioniert nicht:} Nxe4 10. Bxd8 Nxd2) 9... Be6 10. Bb5 a6 (
10... O-O {ist besser.}) 11. Bxc6+ bxc6 12. Qe2 g5 $6 (12... O-O $1) 13. Bf2
Bxf2+ 14. Qxf2 Qe7 $6 (14... Nd7 15. Z0 Qf6 16. Z0 Ne5 {hätte eine bessere
Positionierung der schwarzen Figuren ergeben.}) 15. O-O-O a5 $2 {Dieser
Vorstoß bringt nichts mehr ein.} 16. Nd4 Bd7 17. h4 g4 18. Nf5 Qe5 (18... Bxf5
{war notwendig, aber Weiß hätte klaren Vorteil behalten:} 19. exf5 O-O 20.
Rhe1 Qd8 21. Qg3 h5 22. Qf4) 19. f4 Nxe4 $4 {Diagramm [#]} (19... Qc5 20. Qxc5
dxc5 21. Ne3 {hätte das sofortige Ende vermieden, aber Spaß hätte Schwarz
an dieser Stellung sicher auch nicht gehabt.}) 20. Nxd6+ $1 Qxd6 (20... cxd6
21. Nxe4 {ist ebenfalls hoffnungslos.}) 21. Nxe4 Qe7 22. Qd4 1-0

[Event "Pardubice Czech op-A 27th"]
[Site "Pardubice"]
[Date "2016.07.30"]
[Round "9"]
[White "Novikov, Stanislav"]
[Black "Girish, A Koushnik"]
[Result "1/2-1/2"]
[WhiteElo "2528"]
[BlackElo "2399"]
[PlyCount "108"]
[EventDate "2016.07.22"]
[EventType "swiss"]
[EventRounds "9"]
[EventCountry "CZE"]
[SourceTitle "CBM 173 Extra"]
[Source "ChessBase"]
[SourceDate "2016.08.29"]
[SourceVersion "1"]
[SourceVersionDate "2016.08.29"]
[SourceQuality "1"]

1. g3 Nf6 2. Bg2 d5 3. d3 g6 4. Nd2 Bg7 5. e4 O-O 6. Ngf3 c5 7. O-O Nc6 8. Re1
e5 9. exd5 Nxd5 10. Nc4 Re8 11. Ng5 Nb6 12. Bxc6 bxc6 13. Qf3 Qd5 14. Nd6 Re7
15. Nxc8 Rxc8 16. g4 Qxf3 17. Nxf3 c4 18. Bf4 cxd3 19. cxd3 Rce8 20. Bg5 Re6
21. Rac1 h6 22. Be3 Rd8 23. g5 Rxd3 24. gxh6 Bxh6 25. Bxh6 Rxf3 26. Be3 Kg7 27.
Red1 Rh3 28. Rd8 Rh8 29. Rxh8 Kxh8 30. b3 Kg7 31. a4 Kf6 32. a5 Nc8 33. Rc4 Ke7
34. Rb4 Kd6 35. a6 Re7 36. Rb8 Rc7 37. b4 Kd7 38. Rb7 Nd6 39. Rxa7 Rxa7 40.
Bxa7 Kc8 41. Kg2 Nb5 42. Bb6 Nc3 43. Kg3 Nd5 44. Bc5 Nc7 45. a7 Kb7 46. Bd6 Ne6
47. Bxe5 Kxa7 48. f4 f5 49. h4 Kb6 50. h5 gxh5 51. Kh4 Kb5 52. Kxh5 Kxb4 53.
Kg6 c5 54. Kxf5 Nxf4 1/2-1/2

[Event "Tata Steel-A 79th"]
[Site "Wijk aan Zee"]
[Date "2017.01.14"]
[Round "1"]
[White "Karjakin, Sergey"]
[Black "Giri, Anish"]
[Result "1/2-1/2"]
[WhiteElo "2785"]
[BlackElo "2773"]
[PlyCount "69"]
[EventDate "2017.01.14"]
[EventType "tourn"]
[EventRounds "13"]
[EventCountry "NED"]
[EventCategory "21"]
[SourceTitle "CBM 177"]
[Source "ChessBase"]
[SourceDate "2017.03.16"]
[SourceVersion "1"]
[SourceVersionDate "2017.03.16"]
[SourceQuality "1"]
[TimeControl "40/6000+30:20/3000+30:900+30"]

1. e4 {[%emt 0:00:00]} c5 {[%emt 0:00:03]} 2. Nf3 {[%emt 0:00:00]} d6 {[%emt 0:
00:03]} 3. d4 {[%emt 0:00:00]} cxd4 {[%emt 0:00:03]} 4. Nxd4 {[%emt 0:00:00]}
Nf6 {[%emt 0:00:05]} 5. Nc3 {[%emt 0:00:00]} a6 {[%emt 0:00:04]} 6. a3 {
[%emt 0:00:15]} e5 {[%emt 0:02:33]} 7. Nf3 {[%emt 0:00:20]} Be7 {[%emt 0:12:18]
} 8. Bc4 {[%emt 0:00:15]} Be6 {[%emt 0:03:43]} 9. Ba2 {[%emt 0:02:24]} O-O {
[%emt 0:09:45]} 10. O-O {[%emt 0:00:18]} b5 {[%emt 0:00:29]} 11. Re1 {[%emt 0:
13:49]} Re8 {[%emt 0:04:32]} 12. Bg5 {[%emt 0:27:17]} Nbd7 {[%emt 0:04:14]} 13.
Nd2 {[%emt 0:01:16]} Rb8 {[%emt 0:12:55]} 14. Bxf6 {[%emt 0:13:44]} Nxf6 {
[%emt 0:00:33]} 15. Nf1 {[%emt 0:00:05]} b4 {[%emt 0:02:00]} 16. Nd5 {[%emt 0:
16:22]} bxa3 {[%emt 0:02:34]} 17. bxa3 {[%emt 0:00:10]} Nxd5 {[%emt 0:10:06]}
18. Bxd5 {[%emt 0:00:06]} Bg5 {[%emt 0:01:40]} 19. g3 {[%emt 0:02:41]} Qd7 {
[%emt 0:02:11]} 20. Qd3 {[%emt 0:02:18]} Rb6 {[%emt 0:16:21]} 21. h4 {[%emt 0:
03:31]} Bh6 {[%emt 0:00:25]} 22. Reb1 {[%emt 0:07:47]} Reb8 {[%emt 0:00:48]}
23. Rb3 {[%emt 0:04:11]} Bxd5 {[%emt 0:09:15]} 24. Qxd5 {[%emt 0:00:31]} g6 {
[%emt 0:02:12]} 25. Rab1 {[%emt 0:05:20]} Rxb3 {[%emt 0:00:19]} 26. Rxb3 {
[%emt 0:00:02]} Qc7 {[%emt 0:02:05]} 27. a4 {[%emt 0:04:53]} Bc1 {[%emt 0:01:
37]} 28. Kg2 {[%emt 0:02:29]} h5 {[%emt 0:00:49]} 29. Nh2 {[%emt 0:00:37]} Rxb3
{[%emt 0:06:34]} 30. cxb3 {[%emt 0:00:02]} Qc2 {[%emt 0:00:14]} 31. Nf1 {
[%emt 0:01:32]} a5 {[%emt 0:02:21]} 32. Kf3 {[%emt 0:01:53]} Qc3+ {[%emt 0:00:
25]} 33. Ke2 {[%emt 0:00:07]} Qc2+ {[%emt 0:00:27]} 34. Kf3 {[%emt 0:00:06]}
Qc3+ {[%emt 0:00:02]} 35. Ke2 {[%emt 0:00:05]} 1/2-1/2

[Event "Tata Steel-A 79th"]
[Site "Wijk aan Zee"]
[Date "2017.01.16"]
[Round "3"]
[White "Wojtaszek, Radoslaw"]
[Black "Giri, Anish"]
[Result "1/2-1/2"]
[WhiteElo "2750"]
[BlackElo "2773"]
[PlyCount "82"]
[EventDate "2017.01.14"]
[EventType "tourn"]
[EventRounds "13"]
[EventCountry "NED"]
[EventCategory "21"]
[SourceTitle "CBM 177"]
[Source "ChessBase"]
[SourceDate "2017.03.16"]
[SourceVersion "1"]
[SourceVersionDate "2017.03.16"]
[SourceQuality "1"]
[TimeControl "40/6000+30:20/3000+30:900+30"]

1. d4 {[%emt 0:00:00]} d5 {[%emt 0:00:02]} 2. c4 {[%emt 0:00:00]} c6 {[%emt 0:
00:03]} 3. Nf3 {[%emt 0:00:00]} Nf6 {[%emt 0:00:03]} 4. e3 {[%emt 0:00:00]} Bf5
{[%emt 0:00:02]} 5. Nc3 {[%emt 0:00:02]} e6 {[%emt 0:00:04]} 6. Nh4 {[%emt 0:
00:25]} Be4 {[%emt 0:00:04]} 7. f3 {[%emt 0:01:35]} Bg6 {[%emt 0:00:15]} 8. Qb3
{[%emt 0:00:22]} Qc7 {[%emt 0:00:11]} 9. Bd2 {[%emt 0:01:15]} Be7 {[%emt 0:00:
17]} 10. g3 {[%emt 0:00:08]} O-O {[%emt 0:01:28]} 11. Rc1 {[%emt 0:01:33]} dxc4
{[%emt 0:00:12]} 12. Bxc4 {[%emt 0:00:10]} Nbd7 {[%emt 0:00:04]} 13. Nxg6 {
[%emt 0:01:47]} hxg6 {[%emt 0:00:22]} 14. O-O {[%emt 0:01:59]} e5 {[%emt 0:01:
10]} 15. d5 {[%emt 0:00:56]} Nc5 {[%emt 0:12:16]} 16. Qc2 {[%emt 0:00:49]} b5 {
[%emt 0:00:10]} 17. Be2 {[%emt 0:00:12]} cxd5 {[%emt 0:00:24]} 18. Nxb5 {
[%emt 0:00:47]} Qb6 {[%emt 0:04:11]} 19. b4 {[%emt 0:01:06]} Ne6 {[%emt 0:00:
47]} 20. Qc6 {[%emt 0:02:18]} Rfb8 {[%emt 0:00:38]} 21. Qxb6 {[%emt 0:18:50]}
Rxb6 {[%emt 0:00:27]} 22. a3 {[%emt 0:00:05]} Bd8 {[%emt 0:20:10]} 23. Nc3 {
[%emt 0:11:25]} d4 {[%emt 0:01:39]} 24. Na4 {[%emt 0:06:28]} Rd6 {[%emt 0:00:
13]} 25. Bc4 {[%emt 0:07:15]} Nd5 {[%emt 0:07:21]} 26. Bxd5 {[%emt 0:08:41]}
Rxd5 {[%emt 0:00:05]} 27. e4 {[%emt 0:00:05]} Rd7 {[%emt 0:06:25]} 28. Nb2 {
[%emt 0:00:07]} d3 {[%emt 0:04:34]} 29. Be3 {[%emt 0:10:59]} Bb6 {[%emt 0:05:
28]} 30. Kf2 {[%emt 0:10:21]} f5 {[%emt 0:12:15]} 31. Nc4 {[%emt 0:02:07]} fxe4
{[%emt 0:08:45]} 32. Bxb6 {[%emt 0:04:59]} d2 {[%emt 0:00:24]} 33. Rcd1 {
[%emt 0:05:15]} axb6 {[%emt 0:00:13]} 34. Rxd2 {[%emt 0:00:07]} Rd4 {[%emt 0:
09:02]} 35. Rxd4 {[%emt 0:00:19]} exd4 {[%emt 0:00:03]} 36. fxe4 {[%emt 0:00:
06]} b5 {[%emt 0:00:15]} 37. Ne5 {[%emt 0:02:12]} Rxa3 {[%emt 0:03:11]} 38. Rc1
{[%emt 0:01:57]} Ng5 {[%emt 0:00:45]} 39. Rc8+ {[%emt 0:03:06]} Kh7 {[%emt 0:
00:05]} 40. Rd8 {[%emt 0:00:00]} Nxe4+ {[%emt 0:04:34]} 41. Kg2 {[%emt 0:03:16]
} Ra2+ {[%emt 0:05:29]} 1/2-1/2

[Event "Tata Steel-A 79th"]
[Site "Wijk aan Zee"]
[Date "2017.01.19"]
[Round "5"]
[White "Wei, Yi"]
[Black "Giri, Anish"]
[Result "1/2-1/2"]
[WhiteElo "2706"]
[BlackElo "2773"]
[PlyCount "86"]
[EventDate "2017.01.14"]
[EventType "tourn"]
[EventRounds "13"]
[EventCountry "NED"]
[EventCategory "21"]
[SourceTitle "CBM 177"]
[Source "ChessBase"]
[SourceDate "2017.03.16"]
[SourceVersion "1"]
[SourceVersionDate "2017.03.16"]
[SourceQuality "1"]
[TimeControl "40/6000+30:20/3000+30:900+30"]

1. e4 {[%emt 0:00:00]} c6 {[%emt 0:00:02]} 2. d4 {[%emt 0:00:26]} d5 {[%emt 0:
00:04]} 3. Nd2 {[%emt 0:00:26]} dxe4 {[%emt 0:00:03]} 4. Nxe4 {[%emt 0:00:04]}
Bf5 {[%emt 0:00:03]} 5. Ng3 {[%emt 0:00:16]} Bg6 {[%emt 0:00:03]} 6. h4 {
[%emt 0:00:10]} h6 {[%emt 0:00:03]} 7. Nf3 {[%emt 0:00:06]} e6 {[%emt 0:00:09]}
8. Ne5 {[%emt 0:04:34]} Bh7 {[%emt 0:00:08]} 9. Bd3 {[%emt 0:00:05]} Bxd3 {
[%emt 0:00:06]} 10. Qxd3 {[%emt 0:00:04]} Nd7 {[%emt 0:00:11]} 11. f4 {[%emt 0:
00:17]} Be7 {[%emt 0:00:18]} 12. Bd2 {[%emt 0:03:01]} Nxe5 {[%emt 0:01:02]} 13.
fxe5 {[%emt 0:01:03]} Bxh4 {[%emt 0:00:03]} 14. O-O-O {[%emt 0:09:14]} Bxg3 {
[%emt 0:00:33]} 15. Qxg3 {[%emt 0:00:06]} Ne7 {[%emt 0:00:03]} 16. Bb4 {
[%emt 0:19:39]} Nf5 {[%emt 0:12:45]} 17. Qf4 {[%emt 0:01:27]} g5 {[%emt 0:03:
42]} 18. Qf2 $146 {[%emt 0:07:46]} (18. Qf3 g4 19. Qxg4 Qd5 20. Qh5 O-O-O 21.
Rh3 Qxg2 22. Rd2 Qg1+ 23. Rd1 Qg5+ 24. Qxg5 hxg5 25. Rxh8 Rxh8 26. Bc3 g4 27.
Rg1 g3 28. Kd2 Rh4 29. Kd3 b5 30. a3 Kd7 31. b3 Rf4 32. Bb2 Rf3+ 33. Ke2 Rf2+
34. Kd3 g2 35. Bc3 Rf3+ 36. Kd2 Nh4 {0-1 (36) Puranik,A (2475)-Melkumyan,H 
(2640) Warsaw 2016}) 18... g4 {[%emt 0:01:38]} 19. c4 {[%emt 0:16:52]} Qb6 {
[%emt 0:11:55]} 20. Bc5 {[%emt 0:03:23]} Qa6 {[%emt 0:02:13]} 21. b3 {[%emt 0:
00:18]} g3 {[%emt 0:07:07]} 22. Qd2 {[%emt 0:05:38]} O-O-O {[%emt 0:17:46]} 23.
Kb2 {[%emt 0:00:44]} b6 {[%emt 0:05:38]} 24. Bd6 {[%emt 0:00:06]} Nxd6 {
[%emt 0:00:09]} 25. exd6 {[%emt 0:00:06]} Rxd6 {[%emt 0:00:06]} 26. Qf4 {
[%emt 0:14:28]} Rd7 {[%emt 0:03:13]} 27. d5 {[%emt 0:00:28]} cxd5 {[%emt 0:07:
27]} 28. cxd5 {[%emt 0:00:18]} exd5 {[%emt 0:01:04]} 29. Qg4 {[%emt 0:01:49]}
Qb7 {[%emt 0:16:30]} 30. Qf4 {[%emt 0:15:45]} Qb8 {[%emt 0:11:11]} 31. Qf6 {
[%emt 0:00:14]} Kb7 {[%emt 0:00:13]} 32. Rxd5 {[%emt 0:00:08]} Rxd5 {[%emt 0:
02:02]} 33. Qxf7+ {[%emt 0:00:03]} Kc6 {[%emt 0:02:41]} 34. Rc1+ {[%emt 0:00:
05]} Rc5 {[%emt 0:00:04]} 35. Qf3+ {[%emt 0:00:03]} Kb5 {[%emt 0:05:18]} 36.
Qd3+ {[%emt 0:00:19]} Ka5 {[%emt 0:02:22]} 37. Qd4 {[%emt 0:03:29]} Ka6 {
[%emt 0:00:23]} 38. Qa4+ {[%emt 0:00:05]} Ra5 {[%emt 0:00:31]} 39. Qc4+ {
[%emt 0:00:07]} Rb5 {[%emt 0:00:22]} 40. Qa4+ {[%emt 0:00:00]} Ra5 {[%emt 0:00:
26]} 41. Qc4+ {[%emt 0:00:26]} Rb5 {[%emt 0:01:20]} 42. Qa4+ {[%emt 0:00:05]}
Kb7 {[%emt 0:00:35]} 43. Qe4+ {[%emt 0:00:05]} Ka6 {[%emt 0:00:02]} 1/2-1/2

[Event "Tata Steel-A 79th"]
[Site "Wijk aan Zee"]
[Date "2017.01.24"]
[Round "9"]
[White "Giri, Anish"]
[Black "Rapport, Richard"]
[Result "1/2-1/2"]
[WhiteElo "2773"]
[BlackElo "2702"]
[PlyCount "71"]
[EventDate "2017.01.14"]
[EventType "tourn"]
[EventRounds "13"]
[EventCountry "NED"]
[EventCategory "21"]
[SourceTitle "CBM 177"]
[Source "ChessBase"]
[SourceDate "2017.03.16"]
[SourceVersion "1"]
[SourceVersionDate "2017.03.16"]
[SourceQuality "1"]
[TimeControl "40/6000+30:20/3000+30:900+30"]

1. d4 {[%emt 0:00:00]} Nf6 {[%emt 0:01:33]} 2. c4 {[%emt 0:00:00]} e6 {[%emt 0:
00:40]} 3. Nf3 {[%emt 0:00:03]} b6 {[%emt 0:00:06]} 4. g3 {[%emt 0:00:11]} Bb7
{[%emt 0:00:05]} 5. Bg2 {[%emt 0:00:07]} Bb4+ {[%emt 0:00:21]} 6. Bd2 {[%emt 0:
00:19]} a5 {[%emt 0:00:05]} 7. O-O {[%emt 0:02:46]} O-O {[%emt 0:00:07]} 8. Bf4
{[%emt 0:04:56]} Be7 {[%emt 0:00:38]} 9. Nc3 {[%emt 0:03:09]} Ne4 {[%emt 0:00:
22]} 10. Qc2 {[%emt 0:00:28]} Nxc3 {[%emt 0:00:28]} 11. Qxc3 {[%emt 0:00:36]}
d6 {[%emt 0:01:11]} 12. Qc2 {[%emt 0:07:06]} (12. Qd3 Nd7 13. e4 Bf6 14. Be3 g6
15. Rad1 Bg7 16. Rfe1 e5 17. Bg5 Qe8 18. Qd2 f6 19. Bh6 Qf7 20. Bxg7 Kxg7 21.
h4 Rae8 22. b3 Re7 23. h5 g5 24. h6+ Kxh6 25. Nh4 Ree8 26. Nf5+ Kg6 27. Bf3 h5
28. Kg2 Rh8 29. Qe2 h4 30. d5 h3+ 31. Kh2 Bc8 32. a3 Nc5 33. b4 Nb3 34. Bg4
Bxf5 35. Bxf5+ Kg7 36. Qg4 axb4 37. axb4 Nd4 38. c5 bxc5 39. bxc5 dxc5 40. Rc1
Qe7 41. f4 exf4 {Ding,L (2781)-Wang,Y (2729) Shenzhen 2015 0-1}) 12... f5 {
[%emt 0:14:20]} 13. Rad1 $146 {[%emt 0:04:43]} (13. Rfd1 Bf6 14. c5 bxc5 15.
dxc5 Be4 16. Qb3 d5 17. Ne1 Bxg2 18. Kxg2 Ra7 19. Qe3 Re8 20. Be5 Bxe5 21. Qxe5
Nc6 22. Qc3 Qf6 23. Rac1 Qxc3 24. Rxc3 Rb7 25. Nd3 e5 26. e3 Kf7 27. Rd2 g5 28.
f4 e4 29. Nc1 g4 30. b3 Ke6 31. h3 h5 32. hxg4 hxg4 33. Ne2 Rbb8 34. Rc1 Rh8
35. Rcd1 Nb4 36. Nd4+ Kf6 37. Rh1 Rxh1 38. Kxh1 Rh8+ 39. Kg2 Nd3 40. Rd1 Nb4
41. Rd2 Nd3 42. Rd1 Nb4 {Jianu,V (2563)-Marin,M (2580) Mamaia 2015 1/2-1/2})
13... Be4 {[%emt 0:01:19]} 14. Qc1 {[%emt 0:00:14]} Qe8 {[%emt 0:04:00]} 15.
Qe3 {[%emt 0:18:02]} Bf6 {[%emt 0:07:55]} 16. c5 {[%emt 0:18:42]} bxc5 {
[%emt 0:12:16]} 17. dxc5 {[%emt 0:00:11]} e5 {[%emt 0:04:01]} 18. Qb3+ {
[%emt 0:02:54]} Qf7 {[%emt 0:07:54]} 19. Bg5 {[%emt 0:04:31]} Qxb3 {[%emt 0:06:
13]} 20. axb3 {[%emt 0:00:09]} h6 {[%emt 0:09:52]} 21. Bxf6 {[%emt 0:01:00]}
Rxf6 {[%emt 0:00:03]} 22. cxd6 {[%emt 0:02:54]} cxd6 {[%emt 0:00:23]} 23. Nd2 {
[%emt 0:00:14]} Bxg2 {[%emt 0:00:44]} 24. Kxg2 {[%emt 0:00:02]} Nc6 {[%emt 0:
03:26]} 25. Nc4 {[%emt 0:02:42]} Nd4 {[%emt 0:00:45]} 26. f4 {[%emt 0:02:55]}
Nxb3 {[%emt 0:07:28]} 27. Rxd6 {[%emt 0:04:03]} Rxd6 {[%emt 0:00:32]} 28. Nxd6
{[%emt 0:00:05]} exf4 {[%emt 0:02:12]} 29. Rxf4 {[%emt 0:05:28]} Rd8 {[%emt 0:
01:30]} 30. Nxf5 {[%emt 0:04:31]} Rd2 {[%emt 0:00:34]} 31. Kf2 {[%emt 0:06:59]}
Nc1 {[%emt 0:03:21]} 32. Rc4 {[%emt 0:07:49]} Nxe2 {[%emt 0:02:01]} 33. Rc8+ {
[%emt 0:00:03]} Kf7 {[%emt 0:01:31]} 34. Rb8 {[%emt 0:02:09]} Nc3+ {[%emt 0:00:
55]} 35. Kf3 {[%emt 0:00:25]} Nd1 {[%emt 0:01:10]} 36. b3 {[%emt 0:00:54]}
1/2-1/2

[Event "Tata Steel-A 79th"]
[Site "Wijk aan Zee"]
[Date "2017.01.25"]
[Round "10"]
[White "Van Wely, Loek"]
[Black "Giri, Anish"]
[Result "1/2-1/2"]
[WhiteElo "2695"]
[BlackElo "2773"]
[PlyCount "62"]
[EventDate "2017.01.14"]
[EventType "tourn"]
[EventRounds "13"]
[EventCountry "NED"]
[EventCategory "21"]
[SourceTitle "CBM 177"]
[Source "ChessBase"]
[SourceDate "2017.03.16"]
[SourceVersion "1"]
[SourceVersionDate "2017.03.16"]
[SourceQuality "1"]
[TimeControl "40/6000+30:20/3000+30:900+30"]

1. d4 {[%emt 0:00:00]} d5 {[%emt 0:00:05]} 2. c4 {[%emt 0:00:00]} e6 {[%emt 0:
00:05]} 3. Nf3 {[%emt 0:00:42]} Nf6 {[%emt 0:00:05]} 4. Nc3 {[%emt 0:00:40]} c6
{[%emt 0:00:48]} 5. Bg5 {[%emt 0:02:39]} h6 {[%emt 0:00:24]} 6. Bxf6 {[%emt 0:
03:06]} Qxf6 {[%emt 0:00:06]} 7. g3 {[%emt 0:00:46]} Nd7 {[%emt 0:02:09]} 8.
Bg2 {[%emt 0:01:46]} dxc4 {[%emt 0:03:35]} 9. O-O {[%emt 0:01:06]} Be7 {
[%emt 0:04:32]} 10. e3 {[%emt 0:14:39]} (10. Ne4 Qf5 11. Ned2 e5 12. e4 Qh5 13.
Nxc4 exd4 14. Qxd4 Qc5 15. e5 O-O 16. Qe4 Nb6 17. Ne3 Qb4 18. Nd4 Rd8 19. Rad1
Qxb2 20. e6 Bxe6 21. Nxe6 fxe6 22. Bh3 Kh8 23. Bxe6 g5 24. Ng4 Rxd1 25. Rxd1
Qg7 26. Ne5 Qf6 27. Bb3 Kg7 28. Ng4 {1-0 (28) Mamedyarov,S (2761)-Gelfand,B 
(2743) Moscow 2016}) 10... O-O {[%emt 0:05:48]} 11. Nd2 {[%emt 0:06:32]} Nb6 {
[%emt 0:04:28]} 12. a4 {[%emt 0:11:37]} a5 {[%emt 0:01:49]} 13. f4 $146 {
[%emt 0:02:12]} (13. Nce4 Qg6 14. f4 f5 15. Nc3 c5 16. Nf3 Qh5 17. Qe2 Rd8 18.
Rfd1 Bd7 19. Kh1 Bc6 20. e4 fxe4 21. Ne5 Qxe2 22. Nxe2 Bxa4 23. Rd2 e3 {
0-1 (23) Joergensen,B (2285)-Klausen,T (2335) corr 1997}) 13... Bb4 {[%emt 0:
03:27]} 14. Qe2 {[%emt 0:04:29]} c5 {[%emt 0:15:59]} 15. dxc5 {[%emt 0:05:34]}
Bxc5 {[%emt 0:02:28]} 16. Nce4 {[%emt 0:01:43]} Qe7 {[%emt 0:00:11]} 17. Nxc5 {
[%emt 0:04:13]} Qxc5 {[%emt 0:00:03]} 18. Rfc1 {[%emt 0:00:24]} Bd7 {[%emt 0:
14:56]} 19. Nxc4 {[%emt 0:00:55]} Nxc4 {[%emt 0:00:09]} 20. Rxc4 {[%emt 0:00:
34]} Qb6 {[%emt 0:00:07]} 21. Rd1 {[%emt 0:11:56]} Rfd8 {[%emt 0:00:58]} 22.
Rcd4 {[%emt 0:00:54]} Be8 {[%emt 0:00:07]} 23. Rxd8 {[%emt 0:00:23]} Rxd8 {
[%emt 0:00:03]} 24. Rxd8 {[%emt 0:00:16]} Qxd8 {[%emt 0:00:02]} 25. Bxb7 {
[%emt 0:00:11]} Bxa4 {[%emt 0:00:06]} 26. Be4 {[%emt 0:02:36]} g6 {[%emt 0:09:
38]} 27. Kf2 {[%emt 0:02:08]} Qc7 {[%emt 0:04:03]} 28. Qd2 {[%emt 0:04:43]} Bb5
{[%emt 0:06:26]} 29. Bf3 {[%emt 0:03:50]} e5 {[%emt 0:01:55]} 30. h4 {[%emt 0:
05:00]} exf4 {[%emt 0:01:26]} 31. gxf4 {[%emt 0:01:14]} Bd7 {[%emt 0:05:18]}
1/2-1/2